| 000 | 00576nam a2200193 a 4500 | ||
|---|---|---|---|
| 005 | 20210219153053.0 | ||
| 008 | 991125n 000 0 u | ||
| 035 | _aUPN01000075879 | ||
| 222 | _aCOMUNICACION EDUCATIVA SEP | ||
| 245 | _aEn 5 años la SEP ha actualizado a 1 millón 318 mil maestros | ||
| 300 | _a11 | ||
| 362 | _a1988 Año 5, no. 54, mar. | ||
| 653 | 0 | _aACTUALIZACION ACADEMICA | |
| 653 | 0 | _aMAESTROS | |
| 653 | 0 | _aPROGRAMA NACIONAL DE EDUCACION, CULTURA, RECREACION Y DEPORTE, 1984-1988 | |
| 653 | 0 | _aSEP | |
| 904 |
_aAC _b013690 |
||
| 905 | _aArticulo | ||
| 999 |
_c67679 _d67679 |
||